000 00972nam a22002415i 4500
001 177613
003 ES-MaACL
005 20250809034227.0
008 110406s1972 sp |||| | spa d
080 _a347.961(460)
100 1 _aChico y Ortiz, José María.
_938492
245 1 0 _aTemas de derecho notarial y calificación registral del instrumento público /
_cpor José Mª Chico Ortiz y Catalino Ramírez Ramírez ; prólogo de José Luis Martínez Gil.
260 _aMadrid :
_bMontecorvo,
_c1972.
300 _a334 p. ;
_c25 cm.
490 1 _aMonografías. Colección de estudios jurídicos ;
_v35
504 _aBibliografía: p. 319-321.
650 0 4 _aDerecho notarial-
_zEspaña
_911745
700 1 _aRamírez Ramírez, Catalino.
_9146027
700 1 _aMartínez Gil, José Luis.
_9146028
830 0 _aMonografías. Colección de estudios jurídicos ;
_v35
_9190484
852 _aES-MaACL
_jE-14817
_xOlim P-860-bis
999 _c177613
_d177613